000 00899nam a2200265 a 4500
001 vtls001486209
003 NLI
005 20210627132835.0
008 121207s1978 dcu f001 0 eng
039 9 _y201212071805
_zVLOAD
040 _aNLI
_beng
_cDatasoft_FOD
_eAACR2
041 0 _aeng
044 _a dcu
082 0 4 _a 015.73
245 0 0 _aUnited States and Africa guide to United States official documents and government sponsored publications on Africa, 1785-1975 /
_ccompiled by Julian W. Witherell
260 _aWashington, D.C. :
_bU.S. Government Printing Office,
_c1978
300 _axix, 949 p. ;
_c26 cm.
500 _aIncludes index
650 0 _aGovernment publications
_zUnited States
_y1785-1975
_91029466
700 1 _aWitherell, Julian W.,
_4com
_9920448
887 _a
901 _aAD 149271
_b06.12.2010
902 _aU.S 015.73 Un 3
999 _aVIRTUA40
_c934591
_d934591
942 _2ddc
_cBKS